Miasta w Polsce z portem lotniczym - Statystyki

Ogólne statystyki
  • Ten quiz został rozwiązany 1 421 razy
  • Średni wynik to 13 z 15
Statystyki odpowiedzi
Lp. Miasto Nazwa Lotniska % Poprawnych
2 Kraków Balice
99%
1 Warszawa Okęcie
99%
6 Warszawa Modlin
99%
3 Gdańsk Rębiechowo
97%
4 Katowice Pyrzowice
96%
5 Wrocław Strachowice
95%
7 Poznań Ławica
94%
9 Szczecin Goleniów
94%
10 Lublin Świdnik
91%
8 Rzeszów Jasionka
88%
12 Łódź Lublinek
85%
11 Bydgoszcz Szwederowo
81%
15 Radom Sadków
77%
13 Olsztyn Szymany
74%
14 Zielona Góra Babimost
73%
Nie znaleziono quizów pasujących do podanych kryteriów
Rozkład punktacji
Procent ludzi z każdym wynikiem
Percentyl według liczby udzielonych odpowiedzi
Twoja historia wyników
Nie rozwiązałeś tego quizu